000 006250000a22002290004500
003 LK-CoMWRAF
008 230817t ||||| |||| 00| 0 eng d
020 _a9559261282
040 _aLK-CoMWRAF
_dLK-CoMWRAF
_eLK-CoMWRAF
041 _aeng
082 _a352
_bUND
245 _aUnderstanding CEDAW
_bSeedowaip Purinda Kollal
260 _bWERC
_aSri Lanka
_c2003
300 _ap.28
650 _aEducation
650 _aEqual Rights in Law
650 _aExplanation of Discrimination Against Women
650 _aNationality
650 _aTamil
650 _aWomen's Equal Right to Participate in Politics
942 _cBK
999 _c672
_d672